Νεοελληνική Μυθολογία : ζώα και φυτά
Αποθηκεύτηκε σε:
| Κύριος συγγραφέας: | |
|---|---|
| Μορφή: | Βιβλίο |
| Γλώσσα: | Greek |
| Δημοσίευση: |
Αθήνα :
Σιδέρη,
1940.
|
| Σειρά: | Σύλλογος προς Διάδοσιν Ωφελίμων Βιβλίων (Σειρά)
; 76 |
| Θέματα: | |
| Ετικέτες: |
Προσθήκη ετικέτας
Δεν υπάρχουν, Καταχωρήστε ετικέτα πρώτοι!
|
MARC
| LEADER | 00000nam a2200000 a 4500 | ||
|---|---|---|---|
| 001 | 1/125539 | ||
| 008 | 221024e1940####gr | ||| |||| ||gre|| | ||
| 040 | |a GR-MyUa |b gre |c GR-MyUa |e AACR2 | ||
| 041 | 0 | |a gre | |
| 082 | 7 | |a 398.24094 |2 (23) | |
| 100 | 1 | |a Λουκόπουλος, Δημήτρης, |d 1874-1943. | |
| 245 | 1 | 0 | |a Νεοελληνική Μυθολογία : |b ζώα και φυτά / |c Δημ. Λουκοπούλου. |
| 260 | |a Αθήνα : |b Σιδέρη, |c 1940. | ||
| 300 | |a 230 σ. ; |c 17 εκ. | ||
| 490 | 1 | |a (Σύλλογος προς Διάδοσιν Ωφέλιμων Βιβλίων / Σειρά) ; |v 76 | |
| 504 | |a Περιλαμβάνει ευρετήριο. | ||
| 650 | 0 | |a Mythology, Greek, in literature. | |
| 650 | 0 | |a Animals |x Folklore. | |
| 650 | 0 | |a Nature in literature. | |
| 830 | 0 | |a Σύλλογος προς Διάδοσιν Ωφελίμων Βιβλίων (Σειρά) |v ; 76 | |
| 970 | |a Σιδερή |b Νεκταρία |z 2022/10/24 | ||